History Quiz

Random History or Clickable Quiz

Born in France Quiz Stats

 Plays Quiz Updated Aug 22, 2014

Support Sporcle.
Go Orange.
Score 0/30 Timer 05:00
1 Play Today
% Correct
Charles de Gaulle
88.7%
Claude Monet
87.1%
Joan of Arc
86.9%
Louis XIV
86.8%
René Descartes
84.6%
Jacques Cousteau
84.3%
Louis Pasteur
83.7%
Jean-Paul Sartre
83.5%
Voltaire
82.7%
Victor Hugo
81.1%
Pierre-Auguste Renoir
81.1%
Maximilien de Robespierre
80.5%
Coco Chanel
79.4%
Alexandre Dumas
79%
Napoleon Bonaparte
78%
% Correct
Molière
77.7%
Jacques Cartier
77.6%
Christian Dior
74.4%
Édith Piaf
72.7%
Claude Debussy
72.6%
Jules Verne
72%
Antoine Lavoisier
63.3%
Samuel de Champlain
56%
William I the Conqueror
50.9%
Zinedine Zidane
50.2%
Alfred Dreyfus
50%
Nostradamus
45.8%
André the Giant
43%
Hervé Villechaize
36.6%
Giuseppe Garibaldi
21.9%

You're not logged in!

Compare scores with friends on all Sporcle quizzes.
OR
Log In

From the Vault

NBA Top 200 Scorers (1980s)

by Rayndell

We can only assume that these 1980s NBA players derived their scoring skill directly from their short shorts.
Remove Ads.
Support Sporcle.
Get the best of Sporcle when you Go Orange. This ad-free experience offers more features, more stats, and more fun while also helping to support Sporcle. Thank you for becoming a member.

Show Comments

Extras

Top Quizzes Today


Score Distribution

Your Account Isn't Verified!

In order to create a playlist on Sporcle, you need to verify the email address you used during registration. Go to your Sporcle Settings to finish the process.

Report this User

Report this user for behavior that violates our Community Guidelines.

Details: